<?xml version="1.0" encoding="UTF-8"?>
<record
    xmlns:xsi="http://www.w3.org/2001/XMLSchema-instance"
    xsi:schemaLocation="http://www.loc.gov/MARC21/slim http://www.loc.gov/standards/marcxml/schema/MARC21slim.xsd"
    xmlns="http://www.loc.gov/MARC21/slim">

  <leader>01421nam2a2200265   4500</leader>
  <controlfield tag="001">rc\2823400</controlfield>
  <controlfield tag="005">20260315044540.0</controlfield>
  <datafield tag="035" ind1=" " ind2=" ">
    <subfield code="a">(NLR Aleph) 006981750</subfield>
  </datafield>
  <datafield tag="090" ind1=" " ind2=" ">
    <subfield code="a">13569331</subfield>
    <subfield code="c">13569331</subfield>
  </datafield>
  <datafield tag="100" ind1=" " ind2=" ">
    <subfield code="a">20110622d1929    u  y0rusy50      ca</subfield>
  </datafield>
  <datafield tag="101" ind1="0" ind2=" ">
    <subfield code="a">rus</subfield>
  </datafield>
  <datafield tag="102" ind1=" " ind2=" ">
    <subfield code="a">RU</subfield>
  </datafield>
  <datafield tag="105" ind1=" " ind2=" ">
    <subfield code="a">y   z   |||||</subfield>
  </datafield>
  <datafield tag="200" ind1="1" ind2=" ">
    <subfield code="a">&#x421;&#x431;&#x43E;&#x440;&#x43D;&#x438;&#x43A; &#x432; &#x43F;&#x43E;&#x43C;&#x43E;&#x449;&#x44C; &#x43F;&#x440;&#x43E;&#x441;&#x432;&#x435;&#x449;&#x435;&#x43D;&#x446;&#x443;</subfield>
    <subfield code="f">&#x41F;&#x43E;&#x434; &#x440;&#x435;&#x434;. &#x421;.&#x412;. &#x412;&#x43E;&#x440;&#x43E;&#x43D;&#x438;&#x43D;&#x430;, &#x411;.&#x41D;. &#x41D;&#x438;&#x43A;&#x43E;&#x43B;&#x44C;&#x441;&#x43A;&#x43E;&#x433;&#x43E;, &#x421;.&#x421;. &#x427;&#x435;&#x441;&#x430;&#x43B;&#x438;&#x43D;&#x430; ...</subfield>
    <subfield code="g">&#x41E;&#x442;&#x432;. &#x440;&#x435;&#x434;. &#x41D;&#x438;&#x43A;&#x43E;&#x43B;&#x44C;&#x441;&#x43A;&#x438;&#x439; &#x411;.&#x41D;.</subfield>
  </datafield>
  <datafield tag="210" ind1=" " ind2=" ">
    <subfield code="d">1929</subfield>
  </datafield>
  <datafield tag="215" ind1=" " ind2=" ">
    <subfield code="a">110, [1] &#x441;.</subfield>
    <subfield code="d">22 &#x441;&#x43C;</subfield>
  </datafield>
  <datafield tag="461" ind1=" " ind2="0">
    <subfield code="1">001rc\2823395</subfield>
    <subfield code="1">2001#$a&#x412; &#x43F;&#x43E;&#x43C;&#x43E;&#x449;&#x44C; &#x43F;&#x440;&#x43E;&#x441;&#x432;&#x435;&#x449;&#x435;&#x43D;&#x446;&#x443;$e&#x421;&#x431;&#x43E;&#x440;&#x43D;&#x438;&#x43A; [&#x441;&#x442;&#x430;&#x442;&#x435;&#x439;]. &#x412;&#x44B;&#x43F;. 1-$f[&#x41F;&#x43E;&#x434; &#x440;&#x435;&#x434;. &#x411;.&#x41D;. &#x41D;&#x438;&#x43A;&#x43E;&#x43B;&#x44C;&#x441;&#x43A;&#x43E;&#x433;&#x43E; &#x438; &#x41B;.&#x41E;. &#x415;&#x440;&#x43C;&#x438;&#x448;&#x43E;&#x432;&#x430;]$g&#x41F;&#x435;&#x434;&#x430;&#x433;&#x43E;&#x433;&#x438;&#x447;&#x435;&#x441;&#x43A;&#x438;&#x439; &#x444;&#x430;&#x43A;&#x443;&#x43B;&#x44C;&#x442;&#x435;&#x442; &#x421;.&#x413;.&#x423;. &#x438; &#x43C;&#x435;&#x442;&#x43E;&#x434;&#x438;&#x447;&#x435;&#x441;&#x43A;&#x43E;&#x435; &#x431;&#x44E;&#x440;&#x43E; &#x413;&#x443;&#x431;&#x43E;&#x43D;&#x43E;$v&#x412;&#x44B;&#x43F;. 5</subfield>
    <subfield code="9">5538394</subfield>
    <subfield code="c">&#x421;&#x43C;&#x43E;&#x43B;&#x435;&#x43D;&#x441;&#x43A;</subfield>
    <subfield code="d">1927-1929</subfield>
    <subfield code="f">[&#x41F;&#x43E;&#x434; &#x440;&#x435;&#x434;. &#x411;.&#x41D;. &#x41D;&#x438;&#x43A;&#x43E;&#x43B;&#x44C;&#x441;&#x43A;&#x43E;&#x433;&#x43E; &#x438; &#x41B;.&#x41E;. &#x415;&#x440;&#x43C;&#x438;&#x448;&#x43E;&#x432;&#x430;]</subfield>
    <subfield code="n">&#x421;&#x43C;&#x43E;&#x43B;&#x435;&#x43D;&#x441;&#x43A;&#x438;&#x439; &#x433;&#x43E;&#x441;. &#x443;&#x43D;-&#x442; &#x438; &#x413;&#x443;&#x431;. &#x43E;&#x442;&#x434;. &#x43D;&#x430;&#x440;. &#x43E;&#x431;&#x440;&#x430;&#x437;.</subfield>
    <subfield code="o">&#x421;&#x431;&#x43E;&#x440;&#x43D;&#x438;&#x43A; [&#x441;&#x442;&#x430;&#x442;&#x435;&#x439;]. &#x412;&#x44B;&#x43F;. 1-</subfield>
    <subfield code="t">&#x412; &#x43F;&#x43E;&#x43C;&#x43E;&#x449;&#x44C; &#x43F;&#x440;&#x43E;&#x441;&#x432;&#x435;&#x449;&#x435;&#x43D;&#x446;&#x443;</subfield>
    <subfield code="v">&#x412;&#x44B;&#x43F;. 5</subfield>
  </datafield>
  <datafield tag="702" ind1=" " ind2="1">
    <subfield code="a">&#x412;&#x43E;&#x440;&#x43E;&#x43D;&#x438;&#x43D;</subfield>
    <subfield code="b">&#x421;.&#x412;.</subfield>
    <subfield code="4">340</subfield>
  </datafield>
  <datafield tag="702" ind1=" " ind2="1">
    <subfield code="a">&#x41D;&#x438;&#x43A;&#x43E;&#x43B;&#x44C;&#x441;&#x43A;&#x438;&#x439;</subfield>
    <subfield code="b">&#x411;.&#x41D;.</subfield>
    <subfield code="4">340</subfield>
  </datafield>
  <datafield tag="702" ind1=" " ind2="1">
    <subfield code="a">&#x427;&#x435;&#x441;&#x430;&#x43B;&#x438;&#x43D;</subfield>
    <subfield code="b">&#x421;.&#x421;.</subfield>
    <subfield code="4">340</subfield>
  </datafield>
  <datafield tag="801" ind1=" " ind2="0">
    <subfield code="a">RU</subfield>
    <subfield code="b">NLR</subfield>
    <subfield code="g">psbo</subfield>
  </datafield>
  <datafield tag="801" ind1=" " ind2="1">
    <subfield code="a">RU</subfield>
    <subfield code="b">ELAR</subfield>
    <subfield code="2">rusmarc</subfield>
  </datafield>
  <datafield tag="852" ind1=" " ind2=" ">
    <subfield code="a">NLR</subfield>
    <subfield code="j">48/490</subfield>
  </datafield>
  <datafield tag="942" ind1=" " ind2=" ">
    <subfield code="c">UNSPEC</subfield>
  </datafield>
  <datafield tag="980" ind1=" " ind2=" ">
    <subfield code="a">NB</subfield>
  </datafield>
</record>
